000 00299nam a2200109Ia 4500
001 1268583
005 20260417145253.0
008 260417s9999 xx 000 0 und d
020 _a9772149467977
245 0 _aZehir Gibi Kafalar Volkanlar Neden Uyanıyor
_cFederico Taddia
260 _bKetebe Çocuk
999 _c1268583
_d1268583